000
00304nam a2200133Ia 4500
005
20260328104341.0
008
260328s9999||||xx |||||||||||||| ||und||
100
_a
Shaohui, Wu
245
0
_a
La Historia del Té /
_c
Wu Shaohui
260
_b
Popular
300
_a
133 p.
650
_a
CHINA
942
_c
BK
999
_c
12125
_d
12125